Introducción al análisis de circuitos

Guardat en:
Dades bibliogràfiques
Autor principal: Boylestad, Robert L (Autor)
Format: Llibre
Idioma:espanyol
Publicat: Ciudad de México Pearson Educación de México S.A 2017
Edició:13a. ed
Matèries:
Etiquetes: Afegir etiqueta
Sense etiquetes, Sigues el primer a etiquetar aquest registre!

MARC

LEADER 00000cam a2200000 a 4500
001 UCC5500
003 CL-VaPUC
005 20210402001710.0
008 181012e20170000mx |||||||||||||||||spa|d
020 |a 9786073241472 
040 |c Pontificia Universidad Católica de Valparaíso 
082 0 4 |a 621.381  |b BOY  |2 21 
100 0 |a Boylestad, Robert L  |e author  |9 599793 
245 1 0 |a Introducción al análisis de circuitos 
250 |a 13a. ed 
260 |a Ciudad de México  |b Pearson Educación de México S.A  |c 2017 
300 |a 958 p 
583 |a last modification  |c 20190505 06:17:24  |k Rodrigo Vera 
650 0 |a Circuitos eléctricos   |9 260262 
650 0 |a Energía eléctrica  |9 256678 
650 0 |a Redes eléctricas   |9 260139 
650 0 |a Electromagnetismo   |9 260123 
650 0 |a Diseño de circuitos   |9 436862 
852 |a BIBCUR 
942 |c BK  |2 ddc 
945 |d 20181012 13:26:00  |a dcastane 
999 |c 372696  |d 372694 
952 |0 0  |1 0  |2 ddc  |3 erb  |4 0  |6 621_381000000000000_BOY_2017  |7 0  |8 A  |9 490435  |a BIBING  |b BIBING  |c RES  |i 5505925  |o 621.381 BOY 2017  |p 5505925  |r 2025-01-20  |w 2019-11-24  |y BK  |z Catalogado en:20181012  |k EIB 
952 |0 0  |1 0  |2 ddc  |3 erb  |4 0  |6 621_381000000000000_BOY_2017  |7 0  |8 A  |9 490436  |a BIBING  |b BIBING  |c RES  |i 5505933  |o 621.381 BOY 2017  |p 5505933  |r 2025-01-20  |w 2019-11-24  |y BK  |z Catalogado en:20181012  |k EIB 
952 |0 0  |1 0  |2 ddc  |3 erb  |4 0  |6 621_381000000000000_BOY_2017  |7 0  |8 A  |9 490437  |a BIBING  |b BIBING  |c RES  |e 2  |g 92738.00  |i 5545552  |o 621.381 BOY 2017  |p 5545552  |r 2025-01-20  |w 2019-11-24  |y BK  |z Catalogado en:20190505  |k EIB